00557pam a2200193 a 4500020000500000040002400005041001300029082001700042100002000059245005700079260003600136300001300172365001100185653002000196700002000216930000900236999001500245952010300260 c aMedical College Lib aENGhENG a616.028bCHA aChan, E. D. . aBedside Critical Care Manual / chTextual Documents a : bJaypee Brothers , c1998. a263 ; c a125=00 aMedical Science aWinston, B. W.. a2493 c2492d2492 00104070aMCPbMCPd1900-01-01l0o616.028 CHApMCP-4849r2023-02-06 00:00:00t1w2023-02-06yBK